2024-25 NHL Teams and Captains - Statistics

General Stats
  • This quiz has been taken 114 times
    111 since last reset
  • The average score is 44 of 64
Answer Stats
Answer % Correct
Anaheim Ducks
87%
Edmonton Oilers
83%
Boston Bruins
82%
Colorado Avalanche
82%
Brad Marchand
79%
Dallas Stars
79%
Montreal Canadiens
79%
Sidney Crosby
79%
Calgary Flames
78%
Carolina Hurricanes
78%
Connor McDavid
78%
Los Angeles Kings
78%
New Jersey Devils
78%
Pittsburgh Penguins
78%
Alex Ovechkin
77%
Buffalo Sabres
77%
Chicago Blackhawks
77%
Florida Panthers
77%
Tampa Bay Lightning
77%
Toronto Maple Leafs
77%
Utah Hockey Club
77%
Vancouver Canucks
77%
Washington Capitals
77%
Auston Matthews
75%
New York Islanders
75%
New York Rangers
75%
Aleksander Barkov
74%
Ottawa Senators
74%
San Jose Sharks
74%
Detroit Red Wings
73%
Vegas Golden Knights
73%
Winnipeg Jets
73%
Minnesota Wild
71%
Nashville Predators
71%
Quinn Hughes
70%
Brady Tkachuk
69%
Columbus Blue Jackets
69%
Jamie Benn
69%
Philadelphia Flyers
69%
Nick Suzuki
68%
Seattle Kraken
68%
Anze Kopitar
66%
Clayton Keller
66%
Gabriel Landeskog
66%
Rasmus Dahlin
66%
St. Louis Blues
66%
Victor Hedman
66%
Radko Gudas
65%
Mark Stone
64%
Roman Josi
64%
Nico Hischier
62%
Dylan Larkin
60%
Jordan Staal
58%
Anders Lee
55%
Nick Foligno
53%
Jordan Eberle
48%
Mikael Backlund
48%
Adam Lowry
47%
Jared Spurgeon
45%
Brayden Schenn
42%
Sean Couturier
42%
Boone Jenner
40%
Logan Couture
40%
Vacant
30%
No matching quizzes found
Score Distribution
Percent of People with Each Score
Percentile by Number Answered
Your Score History
You have not taken this quiz since the last reset